De quel Disney sont tirées ces répliques ? - Statistiques

Statistiques générales
  • Ce quiz a été pris 5 185 fois
    5 060 depuis la dernière actualisation
  • Le résultat moyen est 17 sur 30
Statistiques - réponses
Question Réponse % Correct
"Miroir magique au mur, qui a beauté parfaite et pure ?" Blanche-Neige et les Sept Nains
96%
"Ma seule et unique passion, j’adore les belles fourrures. Je n’aime que ça au monde." Les 101 Dalmatiens
93%
"Laisse-moi souffler ! Tu vas trop vite je m’emmêle les nageoires." La Petite Sirène
89%
"Celui qui perce en Grèce fera de la graisse en Perse." Hercule
86%
"Mais qu’est-ce que je raconte ? Il faut que je redescende sur terre. Ca n’arrivera jamais ! Génie réveille toi mon pote, il faut faire la pause couscous." Aladdin
84%
"Mais maman, je n’ai aucune envie de grandir." Peter Pan
80%
"- Ton fils est réveillé. - Jusqu’au lever du soleil c’est le tien." Le Roi Lion
77%
"Reste sereine, contrôle-toi ! Etouffe tes émotions, étouffe tes émotions, contrôle tes sentiments !" La Reine des Neiges
76%
"Non, non ! Je t’en prie, je t’en supplie, ne m’abandonne pas… Je t’aime." La Belle et la Bête
71%
"Marianne, ma mie, je vous aime encore plus que ma vie." Robin des Bois
70%
"- Tu étais mon nouveau rêve. - Et vous le mien. " Raiponce
68%
"Le plus grand de tous les honneurs, c’est de t’avoir pour fille." Mulan
67%
"- C’est le seul moyen de réaliser ton rêve. - Mon rêve ? Mais mon rêve ne serait pas complet sans toi." La Princesse et la Grenouille
65%
"Ne montre jamais aux autres qu’ils t’ont blessé." Zootopie
65%
"- Mais, mais vous êtes un chat. - Oui, un chafouin." Alice au pays des merveilles
64%
"On mesure la distance des étoiles, on ne fait pas coucou à la Grande Ourse." Vaiana : la légende du bout du monde
59%
"Plutôt mourir demain que vivre un siècle sans t’avoir connu." Pocahontas : une légende indienne
58%
"Tu sais, le B-A-BA de la poignée de mains, c’est qu’il faut des mains !" Kuzco, l'empereur mégalo
55%
"- Pourquoi a-t-il fallu courir si vite ? - Les hommes. Les hommes étaient dans la forêt." Bambi
49%
"- T’es sûre que c’est un chien ? - C’est un joli berger allemand mais il s’est fait écrasé." Lilo et Stitch
46%
"- Si je dois encore marcher, je vais avoir les pieds plats. - Nous sommes nées avec les pieds plats." Les Aristochats
44%
"C’est lui, c’est le prince de mes rêves." La Belle au bois dormant
38%
"T’as dit quoi là ? Non parce que ton haleine est tellement chargé que ça m’a bouché les oreilles." Les Mondes de Ralph
36%
"Je ne crois plus à rien, c’est fini." Cendrillon
28%
"Pourquoi te sens-tu menacé par ceux qui sont différents de toi ?" Tarzan
26%
"Mieux vaut demander pardon que la permission." Le Bossu de Notre-Dame
25%
"Tu devras choisir entre la route droite et la mauvaise." Pinocchio
25%
"Soyez zen. Il ne mord pas. Enfin, pas souvent." Atlantide, l'empire perdu
17%
"- Les singes ? Non c’est pas la peine de leur demander. Ils ne comprendraient pas. - Pourquoi ? - Ils ressemblent trop aux hommes, c’est consternant." La Belle et le Clochard
11%
"Lieutenant, cette coupe de cheveux n’est pas réglementaire, un peu olé olé vous ne trouvez pas ?" Le livre de la jungle
8%
Aucun quiz correspondant
Distribution des résultats
% des personnes avec chaque résultat
Percentile par nombre de réponses
Votre historique - résultats
Vous n’avez pas pris ce quiz depuis la dernière actualisation